00728cam a2200229 a 450000100100000000500170001000800410002702000150006804000230008305000220010608200150012810000360014324500350017926000280021430000200024249000270026283000360028991000340032504900090035995201130036899900170048100001736020200929165106.0890607s1988 sp 001 0 spa d a8475222242 aDO-SdBNPcDLCdDLC00aMLCS 89/04228 (P) annnbA561e1 aAndréu, Blanca,d1959-93801610aElphistone /cBlanca Andréu. aMadrid :bVisor,c1988. a69 p. ;c19 cm.1 aVisor de poesíav224 0aVisor de poesía ;v224913366 aCatalogación por copia / LC a8NGR 001050718MOaGRbGRcCTd2010-03-23iLF1l0onnn A561ep17360-10r2020-06-25w2020-06-25y1ZNo se presta c16885d16885